SEXUALLY TRANSMITTED DISEASES - Statistics

General Stats
  • This quiz has been taken 1,307 times
  • The average score is 4 of 7
Answer Stats
Hint Answer % Correct
No cure, may lead to AIDS HIV
94%
No cure, Symptoms are blisters or sores around mouth, anus or genitals Herpes
87%
Parasite insects that feed off blood found in pubic hair Crabs
61%
Nickname is Clap Chlamydia
58%
Doctors have now found a strain tthats resistant to current antibiotics. Rhymes with see ya Gonorrhea
54%
Al Capone had this is prison Syphillis
38%
Also known as genital warts HPV
37%
No matching quizzes found
Score Distribution
Percent of People with Each Score
Percentile by Number Answered
Your Score History
You have not taken this quiz